[Event "XXX Memorial Edoardo Crespi B"]
[Site "Milano ITA"]
[Date "2009.12.07"]
[Round "5"]
[White "Attuati, Stefano"]
[Black "Cartella, Giovanni"]
[Result "0-1"]
[WhiteElo "1801"]
[BlackElo "1872"]
[PlyCount "66"]
[EventDate "2009.12.04"]

1. e4 c5 2. Nf3 d6 3. d4 cxd4 4. Nxd4 Nf6 5. Nc3 a6 6. Be2 e5 7. Nb3 h6 8. O-O
Be7 9. Be3 O-O 10. f4 Nbd7 11. f5 Nc5 12. Bf3 Bd7 13. Qe1 Bc6 14. Nxc5 dxc5 15.
Qg3 Kh7 16. Qh3 Nd7 17. g4 Bg5 18. Bf2 b6 19. Ne2 Bb5 20. Rad1 Qc7 21. Qg2 Bf4
22. Bg3 Rad8 23. Bxf4 exf4 24. Rf2 Bxe2 25. Bxe2 b5 26. Qf1 g5 27. Bf3 Ne5 28.
Rxd8 Rxd8 29. b3 Qa5 30. Qa1 f6 31. Rf1 Qd2 32. Rf2 Qe3 33. Kg2 Nxf3 0-1

[Event "XXX Memorial Edoardo Crespi B"]
[Site "Milano ITA"]
[Date "2009.12.07"]
[Round "5"]
[White "Baccarin, Stefano"]
[Black "Fornasir, Carlo Gustavo"]
[Result "0-1"]
[WhiteElo "1840"]
[BlackElo "1896"]
[PlyCount "62"]
[EventDate "2009.12.04"]

1. e4 e5 2. Nf3 Nc6 3. Bb5 f5 4. d3 fxe4 5. dxe4 Nf6 6. Bg5 Bc5 7. O-O d6 8.
Nc3 a6 9. Bxf6 Qxf6 10. Nd5 Qd8 11. Bc4 b5 12. Be2 O-O 13. c3 Ne7 14. b4 Ba7
15. c4 c6 16. Nc3 Ng6 17. cxb5 axb5 18. Nxb5 Nf4 19. Nc3 Nxe2+ 20. Qxe2 Ba6 21.
b5 cxb5 22. Kh1 Qa5 23. Ng5 Qxc3 24. Qh5 h6 25. Rac1 Rxf2 26. Ne6 Rf6 27. Qg4
g5 28. Nxg5 Kh8 29. Rfd1 Qe3 30. Re1 Qxg5 31. Qd7 Bc5 0-1

[Event "XXX Memorial Edoardo Crespi B"]
[Site "Milano ITA"]
[Date "2009.12.07"]
[Round "5"]
[White "Bernago, Federico"]
[Black "Bertazzoli, Giulio"]
[Result "1/2-1/2"]
[WhiteElo "1960"]
[BlackElo "1857"]
[PlyCount "80"]
[EventDate "2009.12.04"]

1. e4 c6 2. d3 d5 3. Nd2 e6 4. Ngf3 Be7 5. g3 dxe4 6. dxe4 Nf6 7. Bg2 Nbd7 8.
O-O O-O 9. Qe2 Qc7 10. Nc4 e5 11. Nh4 Nb6 12. Ne3 g6 13. Bd2 Nh5 14. Nhf5 Ng7
15. Nxe7+ Qxe7 16. f4 exf4 17. gxf4 f5 18. e5 Be6 19. b3 Rfd8 20. Rad1 Rd7 21.
c4 a5 22. Bc3 a4 23. Rxd7 Nxd7 24. b4 Rc8 25. Rd1 Ne8 26. a3 b5 27. c5 Nb8 28.
Qd2 Bb3 29. Re1 Rd8 30. Qe2 Be6 31. Rd1 Kf7 32. Rxd8 Qxd8 33. Nc2 Nc7 34. Qd2
Qxd2 35. Bxd2 Bd5 36. Ne3 Bxg2 37. Kxg2 Ne6 38. Nc2 Na6 39. Kf3 Nac7 40. Kg3
Nd5 1/2-1/2

[Event "XXX Memorial Edoardo Crespi B"]
[Site "Milano ITA"]
[Date "2009.12.07"]
[Round "5"]
[White "Bisignano, Giuseppe"]
[Black "Lanni, Vincenzo"]
[Result "1/2-1/2"]
[WhiteElo "1930"]
[BlackElo "1803"]
[PlyCount "137"]
[EventDate "2009.12.04"]

1. e4 g6 2. d4 Bg7 3. Nc3 d6 4. Bc4 Nf6 5. d5 c6 6. Nf3 b5 7. Bd3 b4 8. Ne2
cxd5 9. exd5 Bb7 10. Bb5+ Nbd7 11. Nf4 O-O 12. a3 bxa3 13. Rxa3 Nb6 14. c4 a6
15. Ba4 Nxc4 16. Rc3 Rc8 17. O-O Ne5 18. h4 Rxc3 19. bxc3 Nxf3+ 20. Qxf3 Qa5
21. Bc6 Bxc6 22. dxc6 Qc5 23. Be3 Qc4 24. Rd1 Rc8 25. g4 Qxc6 26. Qxc6 Rxc6 27.
g5 Ng4 28. Nd5 Nxe3 29. fxe3 Bf8 30. Rb1 Rc8 31. Rb6 Ra8 32. Rb7 a5 33. Nb6 Ra6
34. Na4 e6 35. Kf2 d5 36. Ke2 Bd6 37. Kf3 Be5 38. e4 Rc6 39. exd5 exd5 40. Rd7
Bxc3 41. Rxd5 Bb4 42. Nb2 Rc2 43. Na4 Rc4 44. Nb6 Rxh4 45. Kg3 Re4 46. Kf3 Re6
47. Rd8+ Kg7 48. Rb8 h6 49. gxh6+ Kxh6 50. Nd5 Bd2 51. Rb7 f5 52. Rb2 Bc1 53.
Rb1 Rc6 54. Ne7 Rc4 55. Rb6 Rg4 56. Nxf5+ Kg5 57. Ne7 Rf4+ 58. Kg3 Rg4+ 59. Kf3
Rb4 60. Rxg6+ Kh5 61. Ra6 a4 62. Ke2 a3 63. Kd1 Bb2 64. Kc2 Kg4 65. Nd5 Rb7 66.
Ne3+ Kf3 67. Nc4 Rc7 68. Kb3 Rb7+ 69. Ka2 1/2-1/2

[Event "XXX Memorial Edoardo Crespi B"]
[Site "Milano ITA"]
[Date "2009.12.07"]
[Round "5"]
[White "Bisignano, Riccardo"]
[Black "Riccio, Luigi"]
[Result "1/2-1/2"]
[WhiteElo "1937"]
[BlackElo "1840"]
[PlyCount "170"]
[EventDate "2009.12.04"]

1. e4 c5 2. Nc3 e6 3. g3 Nc6 4. Bg2 Nf6 5. d3 Be7 6. Bg5 h6 7. Bd2 Rb8 8. Nge2
O-O 9. O-O b5 10. Qc1 b4 11. Nd1 Nd4 12. Re1 Ba6 13. Ne3 d6 14. b3 Nb5 15. h3
Nd7 16. Nc4 Bf6 17. Rb1 Nb6 18. Nf4 Nc3 19. e5 dxe5 20. Bxc3 Nxc4 21. bxc4 exf4
22. Bxf6 Qxf6 23. Qxf4 Qxf4 24. gxf4 Bb7 25. Bxb7 Rxb7 26. a3 a5 27. Re5 Rc8
28. axb4 axb4 29. Ra1 g6 30. Ra5 Rbc7 31. h4 h5 32. Kf1 Kf8 33. Ke2 Ke7 34. Rg5
Kd6 35. Kd2 Rb7 36. Ra6+ Rc6 37. Ra8 Kc7 38. Ra5 Kd6 39. Ra8 Ke7 40. Ra5 Rbc7
41. Ra8 Kf6 42. Ra5 Kg7 43. Ke3 f6 44. Rg2 Rd6 45. Ra1 Kh6 46. Rag1 Rg7 47. Ke4
Rd4+ 48. Ke3 f5 49. f3 Rdd7 50. Ra1 Ra7 51. Rgg1 Rgd7 52. Kd2 Kg7 53. Rgb1 Kf6
54. Rg1 Ra3 55. Rxa3 bxa3 56. Ra1 Ra7 57. Ra2 e5 58. Ke3 exf4+ 59. Kxf4 Ra6 60.
c3 Ra4 61. Kg3 g5 62. hxg5+ Kxg5 63. f4+ Kg6 64. Kh4 Ra7 65. Kg3 Kg7 66. d4
cxd4 67. cxd4 Ra4 68. c5 Rxd4 69. Rxa3 Rc4 70. Ra5 Kf6 71. Ra6+ Ke7 72. Rc6 Kd7
73. Rd6+ Ke7 74. Rd5 Ke6 75. Re5+ Kf6 76. Rd5 h4+ 77. Kxh4 Rxf4+ 78. Kg3 Rc4
79. Rd6+ Ke5 80. Rc6 Rc3+ 81. Kf2 Kd4 82. Rd6+ Ke5 83. Rc6 f4 84. Rc8 Kd5 85.
c6 Rxc6 1/2-1/2

[Event "XXX Memorial Edoardo Crespi B"]
[Site "Milano ITA"]
[Date "2009.12.07"]
[Round "5"]
[White "Casamassima, Paolo"]
[Black "Scarpellini, Felice"]
[Result "1/2-1/2"]
[WhiteElo "1747"]
[BlackElo "1803"]
[PlyCount "113"]
[EventDate "2009.12.04"]

1. e4 d6 2. d4 g6 3. Nc3 Bg7 4. f4 a6 5. Nf3 b5 6. a3 Bb7 7. Bd3 Nd7 8. Be3 Nb6
9. b3 Nf6 10. h3 O-O 11. e5 Nfd5 12. Nxd5 Nxd5 13. Bd2 e6 14. O-O c5 15. c4
bxc4 16. bxc4 Ne7 17. Bc3 cxd4 18. Bxd4 Nc6 19. Bc3 dxe5 20. Nxe5 Nxe5 21. Bxe5
Qb6+ 22. Kh1 Qc5 23. Bxg7 Kxg7 24. Qe2 Rad8 25. Qb2+ Kg8 26. Qxb7 Rxd3 27. Qxa6
Rfd8 28. Qb5 Qe3 29. Rae1 Qg3 30. a4 Rd2 31. Qc6 Ra2 32. Ra1 Rxa1 33. Rxa1 Qxf4
34. a5 Qb8 35. a6 Qa7 36. c5 Ra8 37. Qb6 Kf8 38. Qxa7 Rxa7 39. c6 Ke7 40. c7
Kd7 41. Rf1 f5 42. g4 Kxc7 43. gxf5 gxf5 44. Rc1+ Kd6 45. Ra1 e5 46. Kg2 e4 47.
Kg3 Ke5 48. Ra5+ Kd4 49. Kf4 e3 50. Ra4+ Kd3 51. Ra3+ Kd2 52. Rxe3 Rxa6 53. Re5
Ra4+ 54. Kf3 Ra3+ 55. Kg2 f4 56. Rh5 Rg3+ 57. Kf2 1/2-1/2

[Event "XXX Memorial Edoardo Crespi B"]
[Site "Milano ITA"]
[Date "2009.12.07"]
[Round "5"]
[White "Casartelli, Fabio"]
[Black "Margstahler, Francesco"]
[Result "0-1"]
[WhiteElo "1908"]
[BlackElo "1800"]
[PlyCount "120"]
[EventDate "2009.12.04"]

1. e4 c6 2. d4 d5 3. exd5 cxd5 4. Nf3 Nc6 5. Bf4 Bg4 6. Be2 Nf6 7. Nbd2 e6 8.
O-O Bd6 9. Bxd6 Qxd6 10. h3 Bxf3 11. Nxf3 O-O 12. c4 dxc4 13. Bxc4 Nd5 14. Qb3
Na5 15. Qb5 Nxc4 16. Qxc4 Rac8 17. Qa4 a6 18. Rac1 h6 19. Rc2 Qb4 20. Qxb4 Nxb4
21. Rxc8 Rxc8 22. a3 Nd5 23. Rd1 Kf8 24. Kf1 Ke7 25. g3 Rc2 26. Rd2 Rc1+ 27.
Ke2 Nb6 28. Ne5 Nd5 29. Nd3 Rc7 30. Nc5 a5 31. Kf3 b6 32. Nd3 f6 33. Re2 Rc4
34. Ke4 Kd6 35. f4 f5+ 36. Kf3 Rxd4 37. Ne5 Nf6 38. Rc2 Kd5 39. Rc8 a4 40. Rc6
Rd3+ 41. Ke2 Rb3 42. Rc2 Rxg3 43. Rd2+ Kc5 44. Nd3+ Kb5 45. Nf2 Ne4 46. Nxe4
fxe4 47. Rd4 Rxh3 48. Rb4+ Ka5 49. Rxe4 Rh2+ 50. Kd3 Rxb2 51. Re5+ b5 52. Rxe6
Rb3+ 53. Kd4 Rxa3 54. Re7 Rf3 55. Kc5 Rc3+ 56. Kd4 Rc4+ 57. Kd5 Rxf4 58. Rxg7
Kb4 59. Rh7 Rh4 60. Rb7 a3 0-1

[Event "XXX Memorial Edoardo Crespi B"]
[Site "Milano ITA"]
[Date "2009.12.07"]
[Round "5"]
[White "Chiesa, Matteo"]
[Black "Illyuviev, Oleg"]
[Result "0-1"]
[WhiteElo "1839"]
[BlackElo "2000"]
[PlyCount "58"]
[EventDate "2009.12.04"]

1. e4 c5 2. Nf3 Nc6 3. d4 cxd4 4. Nxd4 e5 5. Nf3 Nf6 6. Bd3 d5 7. exd5 Nxd5 8.
O-O Be7 9. Re1 f6 10. Bc4 Be6 11. Bb3 Na5 12. Ba4+ Kf7 13. Nbd2 Qc7 14. Ne4 Nc4
15. b3 Rhd8 16. Qe2 Nd6 17. Nxd6+ Bxd6 18. Nd4 Nc3 19. Qh5+ Ke7 20. Nb5 Nxb5
21. Bxb5 Bb4 22. Qxh7 Kf7 23. Bh6 Rg8 24. Red1 e4 25. c3 Qe5 26. cxb4 Qxb5 27.
Rac1 Bf5 28. Rc7+ Ke6 29. Bf4 Bxh7 0-1

[Event "XXX Memorial Edoardo Crespi B"]
[Site "Milano ITA"]
[Date "2009.12.07"]
[Round "5"]
[White "Conta, Diego"]
[Black "Carbone, Lorenzo"]
[Result "1-0"]
[WhiteElo "1749"]
[BlackElo "1808"]
[PlyCount "63"]
[EventDate "2009.12.04"]

1. d4 d5 2. c4 e6 3. Nc3 Nf6 4. Bg5 Be7 5. cxd5 exd5 6. Nf3 Nbd7 7. e3 b6 8.
Be2 Bb7 9. O-O O-O 10. Rc1 c6 11. Qc2 h6 12. Bh4 Rc8 13. Qf5 c5 14. Bd3 g6 15.
Qh3 Kg7 16. Nd2 Ne4 17. Bxe7 Qxe7 18. Ncxe4 dxe4 19. Nxe4 cxd4 20. exd4 Bxe4
21. Bxe4 Nf6 22. Rxc8 Nxe4 23. Rxf8 Qxf8 24. Qe3 Ng5 25. Re1 Qb4 26. Qe5+ Kh7
27. d5 Qg4 28. Qc3 Qd7 29. Qe5 Qg4 30. Qg3 Qc4 31. h4 Ne4 32. Qf4 1-0

[Event "XXX Memorial Edoardo Crespi B"]
[Site "Milano ITA"]
[Date "2009.12.07"]
[Round "5"]
[White "Di Paola, Antonio"]
[Black "Paulovich, Adriano"]
[Result "1/2-1/2"]
[WhiteElo "1749"]
[BlackElo "1773"]
[PlyCount "58"]
[EventDate "2009.12.04"]

1. d4 Nf6 2. c4 g6 3. Nc3 Bg7 4. e4 d6 5. Nf3 O-O 6. Be2 Na6 7. O-O c5 8. d5
Nc7 9. h3 Bd7 10. a4 a5 11. e5 dxe5 12. Nxe5 Bf5 13. Bd3 Nfxd5 14. Nxd5 Bxe5
15. Bxf5 Nxd5 16. Be4 Nb4 17. Bh6 Qxd1 18. Raxd1 Rfd8 19. b3 Rab8 20. Bxb7 f6
21. Bf3 Kf7 22. Be3 Bd4 23. Bd2 h5 24. h4 Rd6 25. g3 Kg7 26. Kg2 Rbb6 27. Rfe1
e5 28. Be4 f5 29. Bb1 Re6 1/2-1/2

[Event "XXX Memorial Edoardo Crespi B"]
[Site "Milano ITA"]
[Date "2009.12.07"]
[Round "5"]
[White "Fiorili, Roberto"]
[Black "Quagliarella, Sabino Remo"]
[Result "0-1"]
[WhiteElo "1902"]
[BlackElo "1886"]
[PlyCount "26"]
[EventDate "2009.12.04"]

1. Nf3 d5 2. d4 Nf6 3. Bf4 e6 4. e3 Bd6 5. Ne5 O-O 6. Bd3 c5 7. c3 Nc6 8. Nd2
Qc7 9. Ndf3 Ne4 10. Qc2 cxd4 11. exd4 f6 12. Nxc6 Bxf4 13. Nb4 a5 0-1

[Event "XXX Memorial Edoardo Crespi B"]
[Site "Milano ITA"]
[Date "2009.12.07"]
[Round "5"]
[White "Formento, Paolo"]
[Black "Andreoni, Giuseppe"]
[Result "1-0"]
[WhiteElo "1779"]
[BlackElo "2037"]
[PlyCount "149"]
[EventDate "2009.12.04"]

1. e4 c5 2. d4 cxd4 3. c3 Nf6 4. e5 Nd5 5. cxd4 Nc6 6. Nf3 d6 7. exd6 e6 8. Nc3
Nxc3 9. bxc3 Bxd6 10. Bd3 h6 11. Be3 O-O 12. O-O Qc7 13. Qe2 b6 14. h3 Bb7 15.
Rac1 e5 16. Qc2 Rfe8 17. d5 Ne7 18. c4 Rac8 19. Qb1 Qd7 20. Nh4 Bb8 21. Nf5
Nxd5 22. cxd5 Qxd5 23. f3 Qe6 24. Rxc8 Rxc8 25. Rc1 Rxc1+ 26. Bxc1 h5 27. Qb3
e4 28. Bxe4 Bxe4 29. fxe4 Qxe4 30. Ne3 Bf4 31. Kf2 h4 32. Qc3 Qe6 33. Qb3 Qc6
34. Bd2 b5 35. Qd3 Bg3+ 36. Ke2 a6 37. Bc3 Qe6 38. Qd5 Qg6 39. Qd8+ Kh7 40. Qd3
Bf4 41. Qxg6+ Kxg6 42. Kf3 Bd6 43. Kg4 b4 44. Bd4 Bf8 45. Nf5 f6 46. Nxh4+ Kf7
47. Kf5 a5 48. Ng6 Bd6 49. Nf4 a4 50. Nd3 b3 51. axb3 axb3 52. Bb2 g6+ 53. Ke4
Ke6 54. Nf4+ Kf7 55. Nd3 Ke6 56. Nc1 f5+ 57. Kf3 g5 58. Nxb3 Kf7 59. g4 Kg6 60.
Nd4 fxg4+ 61. Kxg4 Be5 62. Bc3 Bf4 63. Nf3 Bc1 64. Bd2 Bb2 65. Bxg5 Kh7 66. Kf5
Bg7 67. h4 Bf8 68. h5 Bg7 69. Nh2 Bc3 70. Ng4 Bg7 71. Nf6+ Kh8 72. Kg6 Bf8 73.
Ne8 Kg8 74. h6 Bg7 75. Nxg7 1-0

[Event "XXX Memorial Edoardo Crespi B"]
[Site "Milano ITA"]
[Date "2009.12.07"]
[Round "5"]
[White "Gaggino, Davide"]
[Black "Krstic, Dragan"]
[Result "1-0"]
[WhiteElo "1963"]
[BlackElo "1810"]
[PlyCount "67"]
[EventDate "2009.12.04"]

1. Nf3 Nf6 2. c4 g6 3. Nc3 b6 4. e4 d6 5. d4 Bg7 6. h3 O-O 7. Be3 Bb7 8. d5
Nbd7 9. Be2 c6 10. O-O Qc7 11. Qd2 a6 12. Rac1 Rfe8 13. Bh6 Bh8 14. Rfd1 Nc5
15. Qc2 a5 16. Nd4 Rac8 17. Bf3 Ncd7 18. Qd2 Ne5 19. Be2 cxd5 20. cxd5 Bg7 21.
Bxg7 Kxg7 22. Bb5 Rf8 23. Qg5 Kh8 24. Qe3 Qd8 25. f4 Nc4 26. Qe2 Qc7 27. Na4
Nxd5 28. exd5 Bxd5 29. b3 Bxg2 30. Rxc4 Qxc4 31. Bxc4 d5 32. Kxg2 dxc4 33. Nxb6
Rc5 34. Qxe7 1-0

[Event "XXX Memorial Edoardo Crespi B"]
[Site "Milano ITA"]
[Date "2009.12.07"]
[Round "5"]
[White "Gonella, Daniele"]
[Black "Piantoni, Pierino"]
[Result "0-1"]
[WhiteElo "1856"]
[BlackElo "1939"]
[PlyCount "104"]
[EventDate "2009.12.04"]

1. e4 Nc6 2. Nf3 e6 3. Nc3 d5 4. d4 Nf6 5. e5 Ne4 6. a3 a6 7. Bd3 f5 8. exf6
Nxf6 9. O-O Bd6 10. b4 O-O 11. Ne2 e5 12. dxe5 Nxe5 13. Nxe5 Bxe5 14. Rb1 Ng4
15. f4 Bd6 16. h3 Nf6 17. Ng3 c5 18. c3 Qc7 19. Qc2 Bd7 20. Nf5 c4 21. Be2 Rae8
22. Nxd6 Qxd6 23. f5 Qe5 24. Bg4 Ne4 25. Rf3 Bxf5 26. Bf4 Qe6 27. Bxf5 Rxf5 28.
Rbf1 Ref8 29. g4 R5f7 30. Kg2 h6 31. a4 g5 32. Bd2 Rxf3 33. Rxf3 Rxf3 34. Kxf3
Qf6+ 35. Ke2 Qf2+ 36. Kd1 Qf1+ 37. Be1 Qxh3 38. Qe2 Qxc3 39. Qf1 Qa1+ 40. Ke2
Qb2+ 41. Ke3 Qe5 42. Qh3 Ng3+ 43. Kd2 Qe2+ 44. Kc3 Qxe1+ 45. Kd4 Qd2+ 46. Kc5
Ne4+ 47. Kb6 Qxb4+ 48. Ka7 Qc5+ 49. Ka8 Qc6 50. Ka7 b5 51. axb5 axb5 52. Qh2
Nd6 0-1

[Event "XXX Memorial Edoardo Crespi B"]
[Site "Milano ITA"]
[Date "2009.12.07"]
[Round "5"]
[White "Kimbin, Richard Conrod"]
[Black "Reale, Simone"]
[Result "1/2-1/2"]
[WhiteElo "1935"]
[BlackElo "1826"]
[PlyCount "106"]
[EventDate "2009.12.04"]

1. Nf3 Nf6 2. g3 g6 3. Bg2 Bg7 4. d3 d5 5. c3 O-O 6. O-O c5 7. Nbd2 Nc6 8. e4
e5 9. exd5 Nxd5 10. Ne4 b6 11. Re1 Bb7 12. a3 Qd7 13. Qc2 h6 14. c4 Nde7 15.
Bxh6 Nf5 16. Bxg7 Kxg7 17. Qc3 f6 18. b4 Rad8 19. bxc5 Qxd3 20. Qxd3 Rxd3 21.
cxb6 axb6 22. Rab1 Ncd4 23. Nxd4 Nxd4 24. Rxb6 Bxe4 25. Bxe4 Rxa3 26. Bd5 Nf3+
27. Bxf3 Rxf3 28. Rc1 Rc8 29. c5 Rd3 30. Rb7+ Kh6 31. Kg2 Rc6 32. Rb6 Rxb6 33.
cxb6 Rb3 34. Rc6 Kg5 35. h4+ Kf5 36. f3 e4 37. fxe4+ Ke5 38. Kh3 Rb4 39. Kg2
Rxe4 40. b7 Rb4 41. Rc7 Kd6 42. Rg7 Ke5 43. Rxg6 Rxb7 44. h5 Rh7 45. g4 f5 46.
Kf3 fxg4+ 47. Kxg4 Ra7 48. h6 Ra1 49. Rb6 Rh1 50. Kg5 Rg1+ 51. Kh5 Kf5 52. Rb5+
Kf6 53. Rb6+ Kf5 1/2-1/2

[Event "XXX Memorial Edoardo Crespi B"]
[Site "Milano ITA"]
[Date "2009.12.07"]
[Round "5"]
[White "Marinc, Damir"]
[Black "Cardani, Roberto"]
[Result "1-0"]
[WhiteElo "2022"]
[BlackElo "1960"]
[PlyCount "57"]
[EventDate "2009.12.04"]

1. d4 Nf6 2. Bg5 Ne4 3. Bf4 c5 4. f3 Qa5+ 5. c3 Nf6 6. d5 Qb6 7. Bc1 e6 8. e4
c4 9. Bxc4 Bc5 10. Nh3 exd5 11. Bxd5 Nxd5 12. Qxd5 d6 13. Nf4 Nc6 14. Qd2 Be6
15. Qe2 a5 16. Nd2 O-O 17. Nxe6 fxe6 18. Nb3 a4 19. Nxc5 Qxc5 20. Be3 Qa5 21.
O-O a3 22. b4 Qe5 23. Rac1 d5 24. Bf2 dxe4 25. Bg3 Qd5 26. fxe4 Qg5 27. Bd6
Rxf1+ 28. Rxf1 Qg6 29. Qb5 1-0

[Event "XXX Memorial Edoardo Crespi B"]
[Site "Milano ITA"]
[Date "2009.12.07"]
[Round "5"]
[White "Murli, Almerico"]
[Black "Bossoni, Mario"]
[Result "1/2-1/2"]
[WhiteElo "1816"]
[BlackElo "1971"]
[PlyCount "46"]
[EventDate "2009.12.04"]

1. e4 c5 2. Nf3 e6 3. d4 cxd4 4. Nxd4 Nf6 5. Nc3 d6 6. Bc4 Nc6 7. Be3 Be7 8.
O-O O-O 9. Bb3 a6 10. f4 Qc7 11. Qf3 Nxd4 12. Bxd4 b5 13. e5 dxe5 14. fxe5 Bb7
15. exf6 Bxf3 16. fxe7 Qxe7 17. Rxf3 Rad8 18. Be3 f5 19. Re1 Rde8 20. Bd4 Qd7
21. Rd3 Qc6 22. Rde3 Qd6 23. Rd3 Qc6 1/2-1/2

[Event "XXX Memorial Edoardo Crespi B"]
[Site "Milano ITA"]
[Date "2009.12.07"]
[Round "5"]
[White "Oteri, Aldo"]
[Black "Bernasconi, Roberto"]
[Result "1-0"]
[WhiteElo "1826"]
[BlackElo "1941"]
[PlyCount "41"]
[EventDate "2009.12.04"]

1. e4 e5 2. Nf3 Nf6 3. Nc3 Nc6 4. Bb5 Bb4 5. O-O O-O 6. Nd5 Bc5 7. d3 h6 8. Be3
Bb6 9. Nxb6 axb6 10. Bxc6 dxc6 11. Nxe5 Qe7 12. f4 Be6 13. a3 Rfd8 14. Qf3 Kh7
15. g4 Ng8 16. g5 g6 17. Qg3 Re8 18. f5 Bxf5 19. exf5 Qxe5 20. fxg6+ fxg6 21.
Qxe5 1-0

[Event "XXX Memorial Edoardo Crespi B"]
[Site "Milano ITA"]
[Date "2009.12.07"]
[Round "5"]
[White "Palmieri, Giovanni"]
[Black "Guzzetti, Luigi Enrico"]
[Result "0-1"]
[WhiteElo "1764"]
[BlackElo "1856"]
[PlyCount "86"]
[EventDate "2009.12.04"]

1. d4 Nf6 2. c4 g6 3. Nc3 Bg7 4. e4 d6 5. f4 c5 6. d5 O-O 7. Nf3 e6 8. Be2 exd5
9. cxd5 Re8 10. Nd2 a6 11. a4 Nbd7 12. O-O Nf8 13. Qc2 Bd7 14. Nc4 Bg4 15. Bd3
Bc8 16. Kh1 Rb8 17. a5 Ng4 18. Ne3 Qh4 19. Nxg4 Bxg4 20. Be3 Rbc8 21. Bf2 Qh6
22. Rae1 Bd4 23. Bg3 c4 24. Be2 Bxe2 25. Rxe2 Nd7 26. Qd2 Qg7 27. f5 Be5 28.
Bh4 f6 29. g4 g5 30. Bf2 Kf7 31. Kg2 h5 32. h3 Rh8 33. Bg3 hxg4 34. hxg4 Qh6
35. Qe3 Qh3+ 36. Kf2 Qxg4 37. Bxe5 Nxe5 38. Ke1 Rc5 39. Na4 Rc7 40. Qb6 Rd7 41.
Qd4 Rh3 42. Nb6 Rd8 43. Ref2 Rd3 0-1

[Event "XXX Memorial Edoardo Crespi B"]
[Site "Milano ITA"]
[Date "2009.12.07"]
[Round "5"]
[White "Papa, Angelo"]
[Black "Lancianese, Giuseppe"]
[Result "1/2-1/2"]
[WhiteElo "1890"]
[BlackElo "1786"]
[PlyCount "32"]
[EventDate "2009.12.04"]

1. d4 d5 2. Nf3 Nf6 3. c4 e6 4. cxd5 exd5 5. Nc3 c6 6. Bg5 Be7 7. e3 Bf5 8. Bd3
Bxd3 9. Qxd3 Nbd7 10. O-O O-O 11. Rab1 a5 12. Rfc1 Re8 13. a3 Ne4 14. Bxe7 Qxe7
15. Nd2 Ndf6 16. Na4 Nxd2 1/2-1/2

[Event "XXX Memorial Edoardo Crespi B"]
[Site "Milano ITA"]
[Date "2009.12.07"]
[Round "5"]
[White "Pepe, Mario"]
[Black "Memarian, Milad"]
[Result "0-1"]
[WhiteElo "2039"]
[BlackElo "1962"]
[PlyCount "122"]
[EventDate "2009.12.04"]

1. e4 c5 2. Nf3 e6 3. d4 cxd4 4. Nxd4 a6 5. Be3 Nf6 6. Nd2 Qc7 7. Bd3 Nc6 8. c3
d5 9. f3 Bd6 10. g3 Ne5 11. Bc2 dxe4 12. Bxe4 Nxe4 13. Nxe4 Be7 14. Bf4 f5 15.
Ng5 Bxg5 16. Bxg5 Nf7 17. Bd2 e5 18. Qe2 O-O 19. Nc2 Be6 20. b3 b5 21. O-O Rae8
22. Rac1 f4 23. Rfe1 Qc5+ 24. Kg2 Ng5 25. c4 Nxf3 26. Qxf3 fxg3 27. Qxg3 Qc6+
28. Kg1 Rf6 29. Rxe5 h6 30. Rf1 Rxf1+ 31. Kxf1 Qh1+ 32. Ke2 bxc4 33. Ne3 cxb3
34. axb3 Qc6 35. Nc4 Bxc4+ 36. bxc4 Qxc4+ 37. Kd1 Rb8 38. Qe3 Rb1+ 39. Bc1
Rxc1+ 40. Qxc1 Qd4+ 41. Qd2 Qxe5 42. Qa2+ Kf8 43. Qxa6 Qxh2 44. Qc8+ Ke7 45.
Qb7+ Kf6 46. Qc6+ Kf5 47. Qd7+ Kf6 48. Qd8+ Kg6 49. Qe8+ Kf5 50. Qf7+ Ke4 51.
Qb7+ Kd3 52. Qd7+ Kc4 53. Qf7+ Kc5 54. Qa7+ Kc4 55. Qf7+ Kb4 56. Qe7+ Ka4 57.
Qd7+ Kb4 58. Qe7+ Kc4 59. Qf7+ Kd4 60. Qxg7+ Ke4 61. Qh7+ Kf3 0-1

[Event "XXX Memorial Edoardo Crespi B"]
[Site "Milano ITA"]
[Date "2009.12.07"]
[Round "5"]
[White "Petrone, Gianmario"]
[Black "Alidosi, Marco"]
[Result "1-0"]
[WhiteElo "1736"]
[BlackElo "1789"]
[PlyCount "83"]
[EventDate "2009.12.04"]

1. e4 c5 2. Nf3 Nc6 3. d4 cxd4 4. Nxd4 g6 5. Nc3 Bg7 6. Be3 Nf6 7. Qd2 d5 8.
Nxc6 bxc6 9. exd5 cxd5 10. Be2 O-O 11. Bh6 Qa5 12. Bxg7 Kxg7 13. O-O Rb8 14. b3
Be6 15. Nb1 Qc7 16. Na3 Rfd8 17. Qc1 Rdc8 18. c4 Qa5 19. Rd1 Kg8 20. Rd2 Ne4
21. Rc2 f5 22. cxd5 Rxc2 23. Nxc2 Bxd5 24. Ne3 Nc3 25. Qe1 Nxe2+ 26. Qxe2 Bxb3
27. Qb2 Qa4 28. axb3 Qd7 29. Qa2 Rb7 30. Rd1 Qe6 31. Ra1 f4 32. Nf1 Qg4 33. Qa4
Rd7 34. Qc4+ Kg7 35. Rxa7 Rd1 36. Rxe7+ Kh6 37. Rf7 Kg5 38. Qc5+ Kh6 39. Qe7
Rxf1+ 40. Kxf1 Qd1+ 41. Qe1 Qxb3 42. Rxf4 1-0

[Event "XXX Memorial Edoardo Crespi B"]
[Site "Milano ITA"]
[Date "2009.12.07"]
[Round "5"]
[White "Pierandrei, Cristiano"]
[Black "Colombo, Luca"]
[Result "1-0"]
[WhiteElo "1862"]
[BlackElo "1886"]
[PlyCount "61"]
[EventDate "2009.12.04"]

1. d4 Nf6 2. c4 e5 3. dxe5 Ng4 4. Bf4 g5 5. Bg3 Bg7 6. Nf3 Nc6 7. Nc3 Ngxe5 8.
Nxe5 Nxe5 9. e3 h5 10. h4 g4 11. Qc2 d6 12. O-O-O Be6 13. Nd5 Qd7 14. Be2 O-O-O
15. f3 f5 16. Kb1 Kb8 17. Qb3 Qf7 18. Rc1 Rhe8 19. Rhd1 Nc6 20. Qa3 Bxd5 21.
cxd5 Ne5 22. Bf2 Bh6 23. Rc3 Bg7 24. e4 b6 25. Bb5 Nd7 26. Rxc7 a5 27. Bxb6 Qf6
28. Ba7+ Kxc7 29. Qxa5+ Kb7 30. Qa6+ Ka8 31. Bc6# 1-0

[Event "XXX Memorial Edoardo Crespi B"]
[Site "Milano ITA"]
[Date "2009.12.07"]
[Round "5"]
[White "Regorda, Vittorio"]
[Black "Orsi, Matteo"]
[Result "1-0"]
[WhiteElo "1865"]
[BlackElo "1960"]
[PlyCount "131"]
[EventDate "2009.12.04"]

1. d4 c6 2. Nf3 d5 3. g3 Nf6 4. Bg2 e6 5. O-O Be7 6. Nbd2 O-O 7. c4 Nbd7 8. Qc2
Qc7 9. cxd5 exd5 10. e4 dxe4 11. Nxe4 Nxe4 12. Qxe4 Nf6 13. Qc2 h6 14. Rd1 Be6
15. Bf4 Qb6 16. Qc1 Rad8 17. Be3 Qb5 18. Ne5 Ng4 19. Bf1 Qa5 20. Bd2 Bb4 21.
Bf4 Bd6 22. Nxg4 Bxg4 23. Bxd6 Rxd6 24. Rd2 Rfd8 25. Qc3 Qxc3 26. bxc3 c5 27.
Bg2 cxd4 28. cxd4 b6 29. h3 Be6 30. Rad1 Bd5 31. Bxd5 Rxd5 32. f3 f6 33. Kf2
Re8 34. Rd3 Kf7 35. R1d2 Re6 36. Ra3 a5 37. Rc3 b5 38. Rc7+ Re7 39. Rxe7+ Kxe7
40. Ke3 b4 41. Kd3 Rh5 42. h4 Kd6 43. Kc4 g5 44. hxg5 Rxg5 45. g4 h5 46. gxh5
Rxh5 47. Rd3 Rh2 48. Kb3 Kd5 49. Rd1 Rh4 50. Ka4 Rxd4 51. Rxd4+ Kxd4 52. Kxa5
Kc5 53. Ka6 f5 54. f4 Kd4 55. Kb5 Kc3 56. Kc5 Kd3 57. Kxb4 Ke4 58. a4 Kxf4 59.
a5 Kg3 60. a6 f4 61. a7 f3 62. a8=Q Kf2 63. Kc3 Ke2 64. Kd4 Kf2 65. Kd3 Kg3 66.
Ke3 1-0

[Event "XXX Memorial Edoardo Crespi B"]
[Site "Milano ITA"]
[Date "2009.12.07"]
[Round "5"]
[White "Riekenbrauk, Joerg"]
[Black "Trent, Alan M."]
[Result "1-0"]
[WhiteElo "1941"]
[BlackElo "1848"]
[PlyCount "41"]
[EventDate "2009.12.04"]

1. e4 c6 2. Nf3 g6 3. Bc4 d5 4. Bb3 dxe4 5. Ng5 Nh6 6. O-O Bf5 7. Nc3 Bg7 8.
Ngxe4 O-O 9. d4 Qc7 10. Qf3 Bg4 11. Qg3 Qxg3 12. Nxg3 Rd8 13. h3 Bc8 14. Nce2
Nf5 15. c3 a5 16. a4 Na6 17. Bf4 b5 18. axb5 cxb5 19. Rxa5 Nd6 20. Rfa1 Nc4 21.
Rxb5 1-0

[Event "XXX Memorial Edoardo Crespi B"]
[Site "Milano ITA"]
[Date "2009.12.07"]
[Round "5"]
[White "Rossi, Giampiero"]
[Black "Mouflih, Caesar Faycal"]
[Result "0-1"]
[WhiteElo "1936"]
[BlackElo "1843"]
[PlyCount "93"]
[EventDate "2009.12.04"]

1. d4 Nf6 2. c4 d5 3. cxd5 Nxd5 4. g3 e6 5. Bg2 c5 6. Nf3 Nc6 7. O-O Be7 8.
dxc5 Bxc5 9. e4 Ndb4 10. Qxd8+ Nxd8 11. Nc3 Ndc6 12. Rd1 Nc2 13. Rb1 a6 14. Bf4
N2d4 15. Nxd4 Bxd4 16. e5 Bxc3 17. Bxc6+ bxc6 18. bxc3 O-O 19. Rd6 h6 20. Rxc6
Bd7 21. Rc7 Ba4 22. Rb4 Bc2 23. Be3 Rab8 24. Rcb7 Rbc8 25. Bd4 Rfd8 26. R4b6
Bd3 27. Rd6 Re8 28. a3 g5 29. f3 Kg7 30. Kf2 Kg6 31. Ke3 Bc4 32. g4 h5 33. h3
hxg4 34. hxg4 Rh8 35. Rbb6 Rh2 36. f4 Rh3+ 37. Kf2 gxf4 38. Rdc6 Rxc6 39. Rxc6
Bd5 40. Rxa6 Kg5 41. Ra7 Kxg4 42. Rxf7 Rh2+ 43. Ke1 Ra2 44. a4 Kf3 45. a5 Bb3
46. Rc7 Ra1+ 47. Kd2 0-1